| 000 | 00786nam a2200217 i 4500 | ||
|---|---|---|---|
| 001 | bg | ||
| 100 | 1 | _aDREWNIAK, Rafał | |
| 245 | 1 | 0 |
_aRozwój przedsiębiorstwa poprzez alians strategiczny : _bcele i uwarunkowania w praktyce polskiej / _cRafał Drewniak. |
| 260 |
_aToruń : _bTowarzystwo Naukowe Organizacji i Kierownictwa "Dom Organizatora", _c[2004]. |
||
| 300 |
_a315 s. : _brys., tab., wykr. ; _c24 cm. |
||
| 504 | _aBibliogr. s. 307-315. | ||
| 650 | 9 |
_aAlians strategiczny (ekon.) _zPolska _yod 1989 r. |
|
| 020 | _a8372852049 | ||
| 040 | _cBPK | ||
| 041 | 0 | _apol | |
| 080 | _a339.944(438)"1989/..." | ||
| 920 | _a83-7285-204-9 | ||
| 942 | _cKS | ||
| 008 | s pl f |000 0 pol | ||
| 999 |
_c45413 _d45413 |
||
| 856 |
_uhttp://koha.tu.koszalin.pl/cgi-bin/koha/opac-detail.pl?biblionumber=45413 _yKatalog online BPK |
||